Doña Catalina Xvarez Marcayda , primera esposa de Hernan Cortes y su familia (Record no. 2714)
[ view plain ]
| 000 -CABECERA | |
|---|---|
| campo de control de longitud fija | 00755nam a2200205 a 4500 |
| 001 - NÚMERO DE CONTROL | |
| campo de control | BRCA_2975 |
| 005 - FECHA Y HORA DE LA ÚLTIMA TRANSACCIÓN | |
| campo de control | 20190320204043.0 |
| 008 - DATOS DE LONGITUD FIJA--INFORMACIÓN GENERAL | |
| campo de control de longitud fija | 181208s1920-------a---###---#000-0#spa-u |
| 050 #4 - SIGNATURA TOPOGRÁFICA DE LA BIBLIOTECA DEL CONGRESO | |
| Número de clasificación | F1230 |
| Número de documento/Ítem | .F47X83 1920 |
| 100 1# - ENTRADA PRINCIPAL--NOMBRE DE PERSONA | |
| Nombre de persona | Fernández del Castillo, Francisco |
| 9 (RLIN) | 8248 |
| 245 10 - MENCIÓN DE TÍTULO | |
| Título | Doña Catalina Xvarez Marcayda , primera esposa de Hernan Cortes y su familia |
| Resto del título | datos tomados de la obra inédita Biografías de conquistadores de México y Guatemala |
| Mención de responsabilidad, etc. | Francisco Fernández del Castillo. |
| 260 ## - PUBLICACIÓN, DISTRIBUCIÓN, ETC. | |
| Lugar de publicación, distribución, etc. | s. l. |
| Nombre del editor, distribuidor, etc. | Imp. Victoria |
| Fecha de publicación, distribución, etc. | 1920 |
| 300 ## - DESCRIPCIÓN FÍSICA | |
| Extensión | 194 p. |
| Otras características físicas | il. |
| Dimensiones | 25 cm. |
| 500 ## - NOTA GENERAL | |
| Nota general | B113 |
| 600 14 - PUNTO DE ACCESO ADICIONAL DE MATERIA--NOMBRE DE PERSONA | |
| Nombre de persona | Xuárez Marcaida, Catalina |
| Fechas asociadas al nombre | 1527 |
| 9 (RLIN) | 8249 |
| 600 14 - PUNTO DE ACCESO ADICIONAL DE MATERIA--NOMBRE DE PERSONA | |
| Nombre de persona | Cortes, Hernando |
| Fechas asociadas al nombre | 1485-1547 |
| 9 (RLIN) | 8250 |
| 651 #4 - PUNTO DE ACCESO ADICIONAL DE MATERIA--NOMBRE GEOGRÁFICO | |
| Nombre geográfico | México |
| Subdivisión general | Historia |
| 9 (RLIN) | 614 |
| 902 ## - CATALOGADOR | |
| Iniciales | GFM |
| 942 ## - ELEMENTOS DE PUNTO DE ACCESO ADICIONAL (KOHA) | |
| Fuente del sistema de clasificación o colocación | Library of Congress Classification |
| Tipo de ítem Koha | Libros |
| Estado de retiro | Estado de pérdida | Estado dañado | No para préstamo | Localización permanente | Ubicación/localización actual | Fecha de adquisición | Número de inventario | Total de préstamos | Signatura topográfica completa | Código de barras | Fecha visto por última vez | Precio válido a partir de | Tipo de ítem Koha |
|---|---|---|---|---|---|---|---|---|---|---|---|---|---|
| El ejemplar forma parte de la colección y puede ser consultado según las políticas vigentes. | Biblioteca del Museo Franz Mayer (Rogerio Casas-Alatriste) | Biblioteca del Museo Franz Mayer (Rogerio Casas-Alatriste) | 18/12/2008 | B113 | F1230 .F47X83 1920 (B113) | 2972 | 22/03/2019 | 22/03/2019 | Libros |